Разработка и проектирование Web-приложений Oracle Developer: учебное пособие

Dades bibliogràfiques
Autor principal: Сергеенко С. В. Сергей Васильевич
Sumari:Книга «Разработка и проектирование Web-приложений в Oracle Developer* будет полезна всем, кто хочет получить от Oracle Forms Developer стабильную и эффективную работу, кто хочет знать возможности данной среды в организации систем, удовлетворяющих всем требованиям внедрения и эксплуатации. Работая с книгой, читатели смогут создавать, запускать и отлаживать формы в среде Oracle Forms, научатся создавать клиент-серверные и Web-ориентированные приложения. Используя примеры, приведенные в книге, читатель научится не только проектировать экранные формы, но и добавлять в форму и ее элементы различные функциональные возможности, используя триггеры событий, создавать многооконные и многомодульные приложения. Читатель научится создавать приложения, взаимодействующие с Microsoft Office, а также интегрировать в форму различные приложения такие, как Adobe Acrobat, Windows Media Player, Explorer и др.УДК 004.738.5(07) ББК 32.973.202я7
Idioma:rus
Publicat: Москва, Бином ЛЗ, 2010
Col·lecció:Основы информационных технологий
Matèries:
Format: MixedMaterials Llibre
KOHA link:https://koha.lib.tpu.ru/cgi-bin/koha/opac-detail.pl?biblionumber=181969

MARC

LEADER 00000nam0a2200000 4500
001 181969
005 20231101223646.0
010 |a 9785996302383 
035 |a (RuTPU)RU\TPU\book\197251 
090 |a 181969 
100 |a 20100615d2010 m y0rusy50 ca 
101 0 |a rus 
102 |a RU 
105 |a a j 000zy 
200 1 |a Разработка и проектирование Web-приложений Oracle Developer  |e учебное пособие  |f С. В. Сергеенко 
210 |a Москва  |c Бином ЛЗ  |d 2010 
215 |a 456 с.  |c ил. 
225 1 |a Основы информационных технологий 
330 |a Книга «Разработка и проектирование Web-приложений в Oracle Developer* будет полезна всем, кто хочет получить от Oracle Forms Developer стабильную и эффективную работу, кто хочет знать возможности данной среды в организации систем, удовлетворяющих всем требованиям внедрения и эксплуатации. Работая с книгой, читатели смогут создавать, запускать и отлаживать формы в среде Oracle Forms, научатся создавать клиент-серверные и Web-ориентированные приложения. Используя примеры, приведенные в книге, читатель научится не только проектировать экранные формы, но и добавлять в форму и ее элементы различные функциональные возможности, используя триггеры событий, создавать многооконные и многомодульные приложения. Читатель научится создавать приложения, взаимодействующие с Microsoft Office, а также интегрировать в форму различные приложения такие, как Adobe Acrobat, Windows Media Player, Explorer и др.УДК 004.738.5(07) ББК 32.973.202я7 
606 1 |a Oracle  |2 stltpush  |3 (RuTPU)RU\TPU\subj\47279  |9 66334 
610 1 |a Oracle Forms Developer 
610 1 |a структура 
610 1 |a Web-приложения 
610 1 |a Forms Builder 
610 1 |a разработка 
610 1 |a проектирование 
610 1 |a учебные пособия 
610 1 |a программирование 
675 |a 681.3.066(075.8)  |v 3 
700 1 |a Сергеенко  |b С. В.  |g Сергей Васильевич 
801 1 |a RU  |b 63413507  |c 20100615 
801 2 |a RU  |b 63413507  |c 20100920  |g RCR 
942 |c BK 
959 |a 42/20100611  |d 1  |e 256,00  |f ЧЗКДП:1